Step-by-Step Guide to a Higher Score on the Nab Exam : (Record no. 617563)

MARC details
000 -LEADER
fixed length control field 00535nam a2200181 a 4500
008 - FIXED-LENGTH DATA ELEMENTS--GENERAL INFORMATION
fixed length control field 260311s1999##################000#0#eng##
020 ## - INTERNATIONAL STANDARD BOOK NUMBER
ISBN 9780834213142
082 04 - DEWEY DECIMAL CLASSIFICATION NUMBER
Classification number 362.16068
Item number BUT
100 1# - MAIN ENTRY--AUTHOR NAME
Personal name Buttaro, Peter J.,
245 10 - TITLE STATEMENT
Title Step-by-Step Guide to a Higher Score on the Nab Exam :
260 ## - PUBLICATION, DISTRIBUTION, ETC. (IMPRINT)
Name of publisher Jones & Bartlett Publishers,
Year of publication 1999.
650 #0 - SUBJECT ADDED ENTRY--TOPICAL TERM
Topical Term Health services administrators.
942 ## - ADDED ENTRY ELEMENTS (KOHA)
Koha item type English Books
Holdings
Withdrawn status Lost status Damaged status Not for loan Home library Current library Shelving location Date acquired Full call number Accession Number Price effective from Koha item type
        Anna Centenary Library Anna Centenary Library 4TH FLOOR, A WING 11.03.2026 362.16068 BUT 398234 11.03.2026 English Books

Find us on the map